Recent research on bamboos : Proceedings of the International Bamboo Workshop, October 6-14, 1985, Hangzhou, Peoples's Republic of China

Bibliographic Details
Corporate Author: INTERNATIONAL Bamboo Workshop
Other Authors: Dhanarajan, Rao, Sastry
Format: Book
Published: People's Republic of China : The Chinese Academy of Forestry , 1987
Subjects:

MARC

LEADER 00000cam a2200000 7i4500
001 0000000915
005 20031229.0
020 0 0 |a 9971847329 
090 0 0 |a 584.9   |b INT 1987 
110 1 0 |a INTERNATIONAL Bamboo Workshop   |k 1985   |j Peoples's Republic of China 
245 1 0 |a Recent research on bamboos :   |b Proceedings of the International Bamboo Workshop, October 6-14, 1985, Hangzhou, Peoples's Republic of China   |c editors A. N. Rao, G. Dhanarajan, C. B. Sastry 
260 0 0 |a People's Republic of China :   |b The Chinese Academy of Forestry ,   |c 1987 
300 |a iii, 393 p. :   |b ill. ;   |c 26 cm. 
500 0 0 |a Includes bibliogaphical references 
650 0 0 |a Bamboo 
700 0 1 |a Dhanarajan   |h G. 
700 0 1 |a Rao   |h A. N. 
700 0 1 |a Sastry   |h Cherla B. 
998 |a JPSM 
999 |a 0000002270   |b Monograph   |c Open Shelf   |e Default branch 
999 |a 0000003746   |b Monograph   |c Open Shelf   |e Default branch